000 05458nab a2200349 i 4500
003 BR-BrBNA
005 20241011145003.0
008 241011b2016 bl.mr|pooa||| 00| 0 eng |
040 _aBR-BrBNA
_beng
072 _aL70
_b5400
100 _aSouza, Fernando Wiecheteck de
100 _aBrun, Maurício Veloso
100 _aFeranti, João Pedro Scussel
100 _aOliveira, Marília Teresa de
100 _aCopat, Bruna
100 _aBaumer, Sabrina
100 _aKasper, Priscila Natasha
100 _aSchimitt, Bernardo
100 _aChaves, Rafael Oliveira
100 _aBrum, Juliana Speroto
245 _aLaparoscopic inguinoiliac lymphadenectomy following staining using different lymphatic markers in healthy dogs
500 _aPublicação on-line; 12 ref.; Sumaries (En, Pt)
520 _a ABSTRACT - The lymphatic mammary system in healthy and neoplastic animals has been poorly studied. There is sparse information regarding the communication pattern along the mammary lymphatic chain and abdominal and pelvic lymph nodes in healthy animals or in those bearing mammary neoplasms. Thus, the purpose of this study was to evaluate the occurrence of such intra-abdominal lymphatic communications, as well as the feasibility of laparoscopic assessment of the inguinoiliac lymphatic chain. Animals were randomly divided into three groups: dogs that underwent lymphatic staining with sterile methylene blue solution (G1); lymphatic staining with indocyanine green dye (G2); placebo subjects were submitted to the same injection technique, but using sterile normal saline (G3). In all groups, intradermal administration of dye or saline around the right inguinal mammary gland was performed 12 hours or 30 minutes before skin incision. Afterwards, two areas containing adipose tissue were sampled laparoscopically, lateral to the external and internal iliac arteries, and the number of lymph nodes retrieved was assessed. Animals were submitted to ovariohysterectomy using the same laparoscopic approach, following adipose tissue/lymph node excision. Other assessments included operative time, intra and postoperative complications and technical difficulties. The proposed technique for intra-abdominal iliac lymphadenectomy was not successful in recovering lymph nodes. The lymphatic staining technique using either methylene blue or indocyanine green provided no intraoperative staining. Regarding the complications and technical difficulties, all animals presented mild hypersensitivity reactions regardless of the dye used. Laparoscopy for inguinoiliac lymph node exploration presented no other technical difficulties or postoperative complications. Key words: laparoscopy, metastasis, lymphatic drainage, sentinel lymph node, dogs.
520 _a RESUMO - O sistema linfático mamário de animais saudáveis e neoplásicos é pouco estudado. Inexistem respostas detalhadas quanto ao padrão de comunicação entre as cadeias linfáticas mamárias com as abdominais e pélvicas em animais sadios ou com neoplasmas na referida glândula. Por essa razão, pretendeu-se avaliar a ocorrência dessa comunicação linfática intrabdominal, verificando também se a cadeia linfática inguinoilíaca poderia ser adequadamente abordada via cirurgia laparoscópica. Para tanto, os animais foram distribuídos, de forma randômica, em três grupos cirúrgicos: pacientes submetidos à técnica de coloração linfática com o corante azul de metileno estéril (G1); animais submetidos à técnica de impregnação linfática com o corante verde de indocianina (G2); animais submetidos à técnica demarcação linfática, utilizando solução fisiológica de NaCl a 0,9% (G3). Em todos os grupos, foi realizada a aplicação intradérmica, do corante ou solução fisiológica, ao redor da mama inguinal direita, em tempos distintos de 12h ou 30min, antes da incisão de pele. Após, foram coletadas, por videolaparoscopia, duas regiões contendo tecido adiposo, laterais às artérias ilíacas interna e externas, buscando avaliar a presença e o número de linfonodos extirpardos. Por último, realizou-se a ovário-histerectomia eletiva pelos mesmos portais de acesso. Foram considerados ainda, o tempo de cirurgia e as complicações e dificuldades técnicas trans e pósoperatórias. A técnica proposta de linfadenectomia inginoilíaca intrabdominal não obteve êxito na coleta de linfonodos. As técnicas de marcação linfática realizadas, utilizando tanto o azul de metileno a 1%, como o verde de indocianina a 1%, não evidenciaram nenhuma marcação transoperatória nos tempos estudados. Em relação às complicações e dificuldades técnicas trans e pós-operatórias, observou-se, em todos os animais, reações de hipersensibilidade cutânea ao uso dos corantes. As técnicas propostas não apresentaram maiores dificuldades de execução ou complicações transoperatórias. Palavras-chave: laparoscopia, metástase, drenagem linfática, linfonodo sentinela, cães.
650 _aCÃO
650 _aLAPAROSCOPIA
650 _aVETERINÁRIA
773 0 _02408
_9314931
_dSanta Maria-RS Universidade Federal de Santa Maria - Centro de Ciências Rurais 1991
_o2024-1182
_tCiência Rural (Brazil)
_x0103-8478
_gv. 46(9) p. 1629-1634; (2016)
_wBR2024001769
856 _uhttps://www.scielo.br/j/cr/a/fSm93fT7VJRppwD8hXwbMhg/?format=pdf&lang=pt
942 _cANA
999 _c328056
_d328056